000 00676nam a22001817a 4500
005 20170802103147.0
010 _aENG-119503
020 _c350.00
_a9788184654882
035 _aEN-103035
037 _bDBAD/PUB
082 _a280.64
245 _aMysticism, spirituality, and secularism :
_cedited by Vaghese Manimala /
_ban indepth search for meaning and authenticity in a pluralistic world /
260 _aDelhi
_bThe Indian Society for Promoting Christian Knowlewdge(ISPCK))
_c2015
270 _a1585,1654 Madarsa Road Kashmere Gate
_bDelhi
_e110006
300 _axv,288p.
_c24cm(pbk)
700 _a Manimala ,Vaghese
942 _2ddc
_cEN
_mMYS
_h280.64
999 _c143032
_d143032